[Event "SLO-chT2"]
[Site "Ljubljana"]
[Date "2007.11.24"]
[Round "7.6"]
[White "Zahirovic, Haris"]
[Black "Juhant, Igor"]
[Result "0-1"]
[WhiteElo "2071"]
[BlackElo "1914"]
[PlyCount "122"]
[EventDate "2007.11.15"]
[EventType "team"]
[EventRounds "9"]
[EventCountry "SLO"]
[SourceTitle "CBM 121 Extra"]
[Source "ChessBase"]
[SourceDate "2008.01.10"]
[SourceVersion "1"]
[SourceVersionDate "2008.01.10"]
[SourceQuality "1"]
[WhiteTeam "Nova Gorica"]
[BlackTeam "Komenda"]
[WhiteTeamCountry "SLO"]
[BlackTeamCountry "SLO"]

1. d4 Nf6 2. c4 e6 3. Nc3 Bb4 4. Qc2 c5 5. e3 0-0 6. a3 Bxc3+ 7. bxc3 b6 8. Bd3 Bb7 9. Nf3 d5 10. 0-0 Nc6 11. cxd5 exd5 12. Ng5 h6 13. Nh3 Rc8 14. Bf5 Rc7 15. dxc5 bxc5 16. Rd1 Qe7 17. Bb2 Ne5 18. Nf4 Rd8 19. Ne2 g6 20. Bh3 Ne4 21. Ng3 Ng5 22. Qe2 Nxh3+ 23. gxh3 Qe6 24. c4 d4 25. e4 Qxh3 26. f4 Ng4 27. Rd3 Qh4 28. Rf1 Ba6 29. Rc1 Ne3 30. Rxe3 dxe3 31. Qxe3 Qg4 32. Qc3 Rd1+ 33. Kg2 Rd4 34. Qb3 Rb7 35. Qc3 Qxf4 36. Rc2 Bxc4 37. Bc1 Qe5 38. Be3 Rb3 39. Bxd4 Rxc3 40. Bxe5 Rxc2+ 41. Kf3 Bb5 42. h4 h5 43. Kf4 c4 44. Bd4 Rd2 45. Bc3 Rd3 46. Ne2 Bd7 47. Bb4 Bg4 48. Nc3 f6 49. e5 Rd4+ 50. Ke3 fxe5 51. Nb5 Rd3+ 52. Ke4 a6 53. Nc3 Kf7 54. Kxe5 Bf5 55. Nd5 Rh3 56. a4 Rxh4 57. a5 Rh3 58. Kd4 Be6 59. Nc7 Rd3+ 60. Ke5 c3 61. Nxe6 c2 0-1